The goats favorite NFL PLayers - Statistics

General Stats
  • This quiz has been taken 11 times
  • The average score is 8 of 34
Answer Stats
Hint Answer % Correct
QB Bal Lamar Jackson
100%
RB BAL Derrick Henry
90%
qb lar Matt Stafford
80%
RB LAR Todd Gurley
50%
DL LAR Aaron Donald
40%
DL DET Aidan Hutchinson
40%
LB SEA Bobby Wagner
40%
Wr LAR Cooper Kupp
40%
WR Den Demaryius Thomas
40%
LB ATL Dion Jones
40%
LB LAR Ernest Jones
40%
S Sea Kam Chancellor
30%
WR MIN Stefon DIggs
30%
DL DEN Von Miller
30%
CB LAR Jalen Ramsey
20%
LG IND Quenten Nelson
20%
CB Buf Tre White
20%
LT LAR Andrew Witworth
10%
CB Den Aquib Talib
10%
TE TEN Delaine Walker
10%
CB CIN Eli Apple
10%
K CIN Evan Mcpherson
10%
S BUF Jordan Poyer
10%
TE ATL Kyle Pitts
10%
WR PHI Nelson Agholor
10%
P LAR Johnny Hekker
0%
S LAR Kamren Kinchens
0%
RG LAR Kevin Dotson
0%
C Buf Mitch Morse
0%
LB LAR Nate Landman
0%
FB ATL Pat Dimarco
0%
RT LAR Rob Havenstien
0%
DL IND Samson Ebukam
0%
HC LAR Sean Mcvary
0%
No matching quizzes found
Score Distribution
Percent of People with Each Score
Percentile by Number Answered
Your Score History
You have not taken this quiz